[Event "Moron Amateur-ch"]
[Site "Moron"]
[Date "2018.07.17"]
[Round "1"]
[White "Tomeo, Nicolas"]
[Black "Mazza, Andres"]
[Result "1-0"]
[WhiteElo "2103"]
[BlackElo "1772"]
[PlyCount "83"]
[EventDate "2018.07.17"]
[EventType "swiss"]
[EventRounds "7"]
[EventCountry "ARG"]
[SourceTitle "EXT 2019"]
[Source "ChessBase"]
[SourceDate "2018.10.10"]
[SourceVersion "1"]
[SourceVersionDate "2018.10.10"]
[SourceQuality "1"]

1. d4 h6 2. e4 g5 3. c4 d6 4. Nc3 Bg7 5. Be3 Nc6 6. Nge2 Bg4 7. f3 Bd7 8. Ng3 Nf6 9. Qd2 e5 10. d5 Ne7 11. c5 Ng6 12. cxd6 cxd6 13. Nb5 Bc8 14. Rc1 0-0 15. Nc7 Bd7 16. Nxa8 Qxa8 17. Rc7 Qb8 18. Qa5 Rc8 19. Rxc8+ Qxc8 20. Qc3 Qxc3+ 21. bxc3 b6 22. Ba6 Nf4 23. Kf2 h5 24. Rb1 g4 25. Bb5 h4 26. Bxd7 hxg3+ 27. hxg3 N4xd5 28. Bf5 Nxe3 29. Kxe3 gxf3 30. gxf3 Nh5 31. Rd1 Bf8 32. Kd3 Kg7 33. Kc4 Kf6 34. Rg1 Bh6 35. Rh1 Kg5 36. Rh3 Bf8 37. Kb5 Nf6 38. Ka6 d5 39. Kxa7 Bc5 40. Kb7 d4 41. cxd4 exd4 42. f4# 1-0

[Event "Moron Faogba op"]
[Site "Moron"]
[Date "2018.03.06"]
[Round "2"]
[White "Mazza, Andres"]
[Black "Amadeo, Pablo"]
[Result "0-1"]
[WhiteElo "1804"]
[BlackElo "1663"]
[PlyCount "70"]
[EventDate "2018.03.03"]
[EventType "swiss"]
[EventRounds "7"]
[EventCountry "ARG"]
[SourceTitle "CBM 183 Extra"]
[Source "ChessBase"]
[SourceDate "2018.04.19"]
[SourceVersion "1"]
[SourceVersionDate "2018.04.19"]
[SourceQuality "1"]

1. g4 d5 2. h3 h5 3. g5 e5 4. d3 Ne7 5. Bg2 Nbc6 6. Nc3 Be6 7. e4 d4 8. Nce2 Ng6 9. h4 Qd7 10. Ng3 Bb4+ 11. Bd2 Nf4 12. Bf1 Bxd2+ 13. Qxd2 0-0-0 14. N1e2 Nxe2 15. Bxe2 g6 16. f4 exf4 17. Qxf4 Nb4 18. Qd2 Qd6 19. Rg1 Qc5 20. Bd1 Nxa2 21. Ne2 Nb4 22. Nf4 Rhe8 23. Nxe6 fxe6 24. Ra4 a5 25. Rf1 Rf8 26. Rf6 Qe5 27. Qf2 Rxf6 28. Qxf6 Qxf6 29. gxf6 b6 30. Rxb4 axb4 31. e5 Rd5 32. c3 Rxe5+ 33. Kd2 dxc3+ 34. bxc3 bxc3+ 35. Kxc3 Rf5 0-1